| 000 | 01045nam a2200301 i 4500 | ||
|---|---|---|---|
| 005 | 20210818182247.0 | ||
| 008 | 121130r20122011mx a br 000 j spa d | ||
| 020 | _a9786071608062 | ||
| 040 |
_aCOMFC _bspa _erda |
||
| 041 | 1 |
_aspa _heng |
|
| 100 | 1 |
_aJeffers, Oliver _eaut |
|
| 245 | 1 | 0 |
_aAtrapados _cOliver Jeffers ; edición y traducción de Mariana Mendía |
| 250 | _aPrimera edición | ||
| 264 | 0 | 1 |
_aMéxico _bFondo de Cultura Económica _c2012 |
| 300 |
_a[32] páginas sin numerar _bilustraciones en color _c31 cm |
||
| 336 |
_2rdacontent _atxt |
||
| 337 |
_2rdamedia _an |
||
| 338 |
_2rdacarrier _anc |
||
| 490 | 0 | _aLos especiales de a la orilla del viento | |
| 521 | _aRecomendado para niños a partir de 5 años | ||
| 534 | _tStuck | ||
| 700 | 1 |
_aMendía, Mariana _etrl |
|
| 082 | 0 | 4 |
_a891.623 _bJ45a |
| 650 | 1 | 4 |
_aCuentos infantiles australianos _ySiglo XX |
| 650 | 1 | 4 |
_aLiteratura infantil australiana _ySiglo XX |
| 650 | 1 | 4 | _aTravesuras en la literatura |
| 942 |
_2ddc _h891.623 J45a _k891.623 _mJ45a |
||
| 999 |
_c15259 _d15259 |
||